| 000 | 01483cam a22003491 4500 | ||
|---|---|---|---|
| 001 | gs 44000153 | ||
| 003 | DLC | ||
| 005 | 20260227111350.0 | ||
| 008 | 921222s1943 bl ab 000 0 por c | ||
| 010 | _ags 44000153 | ||
| 035 | _a(OCoLC)27157965 | ||
| 040 |
_aU.S. Geol. survey. Library _cCLU _dCLU _dDLC |
||
| 042 | _apremarc | ||
| 050 | 0 | 0 |
_aTN41 _b.A3 no. 56 |
| 082 | _a622.0981 s | ||
| 110 | 1 |
_aBrazil. _bDivisão de Fomento da Produção Mineral. |
|
| 245 | 0 | 0 |
_aBrasil 1942. _bRecursos minerais. |
| 260 |
_aRio de Janeiro, _c1943. |
||
| 300 |
_a74 p. incl. tables, diagrs. _bmaps (part fold.) _c23 cm. |
||
| 490 | 1 |
_aIts Boletim _vno. 56 |
|
| 500 | _aAt head of title: Republica dos estados unidos do Brasil. Ministério da agricultura ... Departamento nacional da produção mineral ...Divisão de fomento da produção mineral ... | ||
| 500 | _a"Separata da publicação do Ministério das relações exteriores." | ||
| 500 | _aContributions by Henrique Capper Alves de Souza, Waldemar José de Carvalho, Mario da Silva Pinto, and Fabio de Macedo Soares Guimarães. | ||
| 650 | 0 |
_aMines and mineral resources _zBrazil. |
|
| 650 | 0 |
_aGeology _zBrazil. |
|
| 650 | 0 |
_aWater-power _zBrazil. |
|
| 700 | 2 | _aCapper Alves de Souza, Henrique. | |
| 700 | 1 | _aCarvalho, Waldemar José de. | |
| 700 | 1 |
_aPinto, Mario da Silva, _d1907- |
|
| 700 | 2 | _aMacedo Soares Guimarães, Fabio de. | |
| 830 | 0 |
_aBoletim (Brazil. Divisão de Fomento da Produção Mineral) ; _vno. 56. |
|
| 999 |
_c27996 _d27996 |
||